| 000 | 00388nam a2200157Ia 4500 | ||
|---|---|---|---|
| 008 | 230711s9999||||xx |||||||||||||| ||und|| | ||
| 041 | _aENG | ||
| 082 |
_a720 _bWE-G |
||
| 100 | _aWedlick Dennis | ||
| 245 | 4 | _aThe good homes : interiors and exteriors | |
| 250 | _a1st | ||
| 260 |
_c2003 _aNew York _bHarper Design International |
||
| 300 | _a239 | ||
| 650 | _aArchitecture | ||
| 942 | _cBK | ||
| 999 |
_c4977 _d4977 |
||